00473 a2200169 450000100060000002000060000604000240001210000260003624000360006224500310009830000070012936200090013665000310014594200070017695201030018399900170028644621 a  cAnchieta - Aquarius aGouveia, Luis Augusto10aCada cabeça é um mundolpor10aCada cabeça é um mundo a200 a2003 4aLiteratura infanto-juvenil cBK 00104070a87.1b87.1d2023-11-21l0o028.5 GOU CADp879/AQUr2023-11-21 15:10:28w2023-11-21yBK c44621d44621